| 000 | 00664nam a2200217 a 4500 | ||
|---|---|---|---|
| 999 |
_c3434 _d3434 |
||
| 001 | 3434 | ||
| 003 | BD-JhCC | ||
| 005 | 20171113193839.0 | ||
| 008 | 171113s2004 bg |||| ||a| 00| 0 en d | ||
| 035 | _a(BD-JhCC)3434 | ||
| 040 |
_aBD-JhCC _dBD-JhCC |
||
| 041 | _aben | ||
| 082 |
_a891.4415 _bHOS 2004 |
||
| 100 | _aহোসেন, মোহাম্ম সাখাওয়াত | ||
| 245 |
_aমেঘ বৃষ্টি / _cমোহাম্মদ সাখাওয়াত হোসেন |
||
| 260 |
_aঢাকা : _bগতিধারা, _c2004. |
||
| 300 |
_a79 p. : _c23 cm. |
||
| 650 | _aBengali Poetry | ||
| 942 |
_2ddc _cBK |
||